Where the truth lies / Anna Bailey.
When seventeen-year-old Abigail goes missing, her best friend Emma, compelled by the guilt of leaving her alone at a party in the woods, sets out to discover the truth about what happened. The police initially believe Abi ran away, but Emma doesn't believe that her friend would leave without her, and when officers find disturbing evidence in the nearby woods, the festering secrets and longstanding resentment of both Abigail's family and the people of Whistling Ridge, Colorado begin to surface with devastating consequences.
Record details
- ISBN: 9781797124346
- ISBN: 179712434X
- ISBN: 9781797124353
- ISBN: 1797124358
- Physical Description: 8 audio discs (10 hr.) : CD audio, digital ; 4 3/4 in.
- Edition: Unabridged.
- Publisher: [New York] : Simon & Schuster, [2021]
Content descriptions
| General Note: | Title from container. Compact discs. |
| Participant or Performer Note: | Read by Natalie Simpson. |
Search for related items by subject
| Subject: | Missing persons > Investigation > Fiction. Teenage girls > Fiction. Best friends > Fiction. City and town life > Fiction. Colorado > Fiction. |
| Genre: | Audiobooks. Thrillers (Fiction) |
Available copies
- 0 of 1 copy available at scottsboropl.
Holds
- 0 current holds with 1 total copy.
Other Formats and Editions
Show Only Available Copies
| Location | Call Number / Copy Notes | Barcode | Shelving Location | Status | Due Date |
|---|---|---|---|---|---|
| scottsboropl | BK/CD Bai | 32269001196974 | Adult - Audiobook | Checked out | 04/27/2026 |
| LDR | 02877cim a2200673Ki 4500 | ||
|---|---|---|---|
| 001 | 156411 | ||
| 003 | SBPL | ||
| 005 | 20210818102914.0 | ||
| 008 | 210706s2021 nyunnnne f n eng d | ||
| 007 | sd fsngnnmmned | ||
| 020 | . | ‡a9781797124346 | |
| 020 | . | ‡a179712434X | |
| 020 | . | ‡a9781797124353 | |
| 020 | . | ‡a1797124358 | |
| 024 | 3 | . | ‡a9781797124346 |
| 035 | . | ‡a(OCoLC)1259292491 | |
| 050 | 4. | ‡aPR6102.A334 ‡bW48 2021ab | |
| 082 | 0 | 4. | ‡a823/.92 ‡223 |
| 100 | 1 | . | ‡aBailey, Anna, ‡d1995- ‡eauthor. |
| 245 | 1 | 0. | ‡aWhere the truth lies / ‡cAnna Bailey. |
| 250 | . | ‡aUnabridged. | |
| 264 | 1. | ‡a[New York] : ‡bSimon & Schuster, ‡c[2021] | |
| 300 | . | ‡a8 audio discs (10 hr.) : ‡bCD audio, digital ; ‡c4 3/4 in. | |
| 336 | . | ‡aspoken word ‡bspw ‡2rdacontent | |
| 337 | . | ‡aaudio ‡bs ‡2rdamedia | |
| 338 | . | ‡aaudio disc ‡bsd ‡2rdacarrier | |
| 344 | . | ‡adigital ‡2rdatr | |
| 347 | . | ‡aaudio file ‡2rdaft | |
| 347 | . | ‡bCD audio | |
| 500 | . | ‡aTitle from container. | |
| 511 | 0 | . | ‡aRead by Natalie Simpson. |
| 500 | . | ‡aCompact discs. | |
| 520 | . | ‡aWhen seventeen-year-old Abigail goes missing, her best friend Emma, compelled by the guilt of leaving her alone at a party in the woods, sets out to discover the truth about what happened. The police initially believe Abi ran away, but Emma doesn't believe that her friend would leave without her, and when officers find disturbing evidence in the nearby woods, the festering secrets and longstanding resentment of both Abigail's family and the people of Whistling Ridge, Colorado begin to surface with devastating consequences. | |
| 650 | 0. | ‡aMissing persons ‡xInvestigation ‡vFiction. | |
| 650 | 0. | ‡aTeenage girls ‡vFiction. | |
| 650 | 0. | ‡aBest friends ‡vFiction. | |
| 650 | 0. | ‡aCity and town life ‡vFiction. | |
| 651 | 0. | ‡aColorado ‡vFiction. | |
| 655 | 7. | ‡aAudiobooks. ‡2lcgft | |
| 655 | 7. | ‡aThrillers (Fiction) ‡2lcgft | |
| 700 | 1 | . | ‡aSimpson, Natalie, ‡enarrator. |
| 901 | . | ‡a156411 ‡b ‡c156411 ‡tbiblio | |